| 000 | 00604cam a2200229 4500 | ||
|---|---|---|---|
| 008 | 090401t1989 xxu||||| |||| 00| 0 eng d | ||
| 020 | _a0333485432 | ||
| 035 | _a(Sirsi) u30035 | ||
| 041 | 0 | _aeng | |
| 050 | 0 | 4 | _a692.3 $2 18 |
| 100 | 1 | _aSeeley, Ivor Hugh | |
| 245 | 0 | 0 | _aAdvanced building measurement |
| 250 | _a2nd ed. | ||
| 260 |
_aBasingstoke _bMacmillian _c1989 |
||
| 300 |
_axiv, 168p. _c26cm. |
||
| 350 | _a11.95 | ||
| 650 | 2 | 4 | _aSTANDARD METHOD OF MEASUREMENT (SEVENTH EDITION) |
| 651 | 4 |
_aUnited Kingdom _y |
|
| 690 |
_aQuantity surveying _96263 |
||
| 942 | _n0 | ||
| 948 | _c04/03/1997 | ||
| 999 |
_c89471 _d89471 |
||